Normal view
MARC view
- United States
Entry Geographic Name
001 - CONTROL NUMBER
- control field: 133689
003 - CONTROL NUMBER IDENTIFIER
- control field: TR-AnTOB
005 - DATE AND TIME OF LATEST TRANSACTION
- control field: 20211105103338.0
008 - FIXED-LENGTH DATA ELEMENTS
- fixed length control field: 860211|| azannbabn |n ana
010 ## - LIBRARY OF CONGRESS CONTROL NUMBER
- LC control number: sh 85140511
035 ## - SYSTEM CONTROL NUMBER
- System control number: (TR-AnTOB)133689
040 ## - CATALOGING SOURCE
- Original cataloging agency: DLC
- Language of cataloging: eng
- Transcribing agency: DLC
- Modifying agency: DLC
- Modifying agency: TR-AnTOB
053 #0 - LC CLASSIFICATION NUMBER
- Classification number element--single number or beginning number of span: HN51
- Classification number element--ending number of span: HN85
151 ## - HEADING--GEOGRAPHIC NAME
- Geographic name: United States
- General subdivision: Social conditions
451 ## - SEE FROM TRACING--GEOGRAPHIC NAME
- Geographic name: ABD
- General subdivision: Sosyal durum
451 ## - SEE FROM TRACING--GEOGRAPHIC NAME
- Geographic name: Amerika Birleşik Devletleri
- General subdivision: Sosyal durum
451 ## - SEE FROM TRACING--GEOGRAPHIC NAME
- Geographic name: Amerika Birleşik Devletleri
- General subdivision: Sosyal koşullar
451 ## - SEE FROM TRACING--GEOGRAPHIC NAME
- Geographic name: Birleşik Devletler
- General subdivision: Sosyal durum
681 ## - SUBJECT EXAMPLE TRACING NOTE
- Explanatory text: Notes under
- Subject heading or subdivision term: Americans; Sociology--United States
688 ## - APPLICATION HISTORY NOTE
- Institution to which field applies: TR-AnTOB
- Application history note: Op 05.11.2021
751 ## - ESTABLISHED HEADING LINKING ENTRY--GEOGRAPHIC NAME
- Authority record control number or standard number: https://lccn.loc.gov/sh85140511
- Source of heading or term: lcsh



